Zlepšenie procesov logistiky využitím IT technológií diplomová práca

Enregistré dans:
Détails bibliographiques
Auteur principal: Koporcová, Magdaléna
Collectivité auteur: Fakulta podnikového manažmentu EU. Katedra manažmentu výroby a logistiky - zrušená
Autres auteurs: Lichnerová, Linda
Format: Livre
Langue:slovaque
Publié: Bratislava 2009
Tags: Ajouter un tag
Pas de tags, Soyez le premier à ajouter un tag!

MARC

LEADER 00000nam$a2200000$$$4500
001 0102398
005 20240320075626.7
041 0 |a slo 
044 |a SK 
245 1 0 |a Zlepšenie procesov logistiky využitím IT technológií  |b diplomová práca  |c Magdaléna Koporcová ; škol. Linda Lichnerová 
264 1 |a Bratislava  |c 2009 
300 |a 78 s. 
100 1 |a Koporcová, Magdaléna 
700 1 |a Lichnerová, Linda 
710 2 |a Fakulta podnikového manažmentu EU. Katedra manažmentu výroby a logistiky - zrušená